banner-ar

المحلى فى 8 اجزاء / (Record no. 54429)

MARC details
000 -الفاتح
حقل البيانات ثابتة الطول 00650nam a2200205Ia 4500
008 - عناصر البيانات ثابتة الطول - معلومات عامة
حقل البيانات ثابتة الطول 140319s9999 xx 000 0 ara d
040 ## - مصدر الفهرسة
وكالة الفهرسة الأصلية GCL /
وكالة النسخ GCL
082 04 - رقم تصنيف ديوى العشرى
رقم التصنيف 250
رقم المادة ح م
100 1# - المدخل الرئيسى - إسم شخصى
الإسم الشخصى احمد محمد شاكر
245 10 - بيان العنوان
العنوان المحلى فى 8 اجزاء /
بيان المسئوليه,etc احمد محمد شاكر
700 1# - المدخل الاضافى - اسم شخصى
الإسم الشخصى ابن حزم : ابومحمد على بن احمد بن سعيد بن حزم بن غالب بن صالح الظاهرى
300 ## - الوصف المادى
التعداد متعدد ؛
أبعاد الوعاء 26 سم
490 ## - بيان السلسلة
عنوان السلسلة
650 04 - المدخل الاضافى بالموضوع-مصطلح موضوعى
مصطلح موضوعي الاسلام
650 04 - المدخل الاضافى بالموضوع-مصطلح موضوعى
مصطلح موضوعي فقه
650 04 - المدخل الاضافى بالموضوع-مصطلح موضوعى
مصطلح موضوعي القران
942 ## - عناصر المدخل الإضافي( كوها)
مصدر التصنيف او مخطط الترفيف Dewey Decimal Classification
Koha [default] item type كتاب
260 ## - PUBLICATION, DISTRIBUTION, ETC. (IMPRINT)
-- بيروت :
-- دار الجيل
Holdings
حالة التراجع حالة الفقد حالة تلف ليس للاعارة المكان المؤقت الموقع الحالى تاريخ الاكتساب اجمالي اﻻعارات رقم الطلب الباركود تاريخ اخر مشاهدة تاريخ تفعيل السعر نوع وعاء كوها مصدر التصنيف او خطة الترفيف
        مكتبة القاهرة الكبرى مكتبة القاهرة الكبرى 03/26/2014   250\ح م 130893 03/26/2014 03/26/2014 كتاب  
        مكتبة القاهرة الكبرى مكتبة القاهرة الكبرى 03/26/2014   250\ح م 130894 03/26/2014 03/26/2014 كتاب  
        مكتبة القاهرة الكبرى مكتبة القاهرة الكبرى 03/26/2014   250\ح م 130895 03/26/2014 03/26/2014 كتاب  
        مكتبة القاهرة الكبرى مكتبة القاهرة الكبرى 07/13/2019   250\ح م 166123 07/13/2019 07/13/2019 كتاب ddc
        مكتبة القاهرة الكبرى مكتبة القاهرة الكبرى 07/13/2019   250\ح م 166124 07/13/2019 07/13/2019 كتاب ddc
        مكتبة القاهرة الكبرى مكتبة القاهرة الكبرى 07/13/2019   250\ح م 166150 07/13/2019 07/13/2019 كتاب ddc
        مكتبة القاهرة الكبرى مكتبة القاهرة الكبرى 07/13/2019   250\ح م 166151 07/13/2019 07/13/2019 كتاب ddc
        مكتبة القاهرة الكبرى مكتبة القاهرة الكبرى 07/13/2019   250\ح م 166152 07/13/2019 07/13/2019 كتاب ddc
        مكتبة القاهرة الكبرى مكتبة القاهرة الكبرى 07/13/2019   250\ح م 166153 07/13/2019 07/13/2019 كتاب ddc
        مكتبة القاهرة الكبرى مكتبة القاهرة الكبرى 07/13/2019   250\ح م 166154 07/13/2019 07/13/2019 كتاب ddc

Powered By

EGPV